El Paper dels governs locals en la construcció de la pau : resultats de la conferència de Barcelona, Setembre 2007 = El papel de los gobiernos locales en la construcción de la paz : resultados de la conferencia de Barcelona, Septiembre 2007 = The role of local authorities in peace building : summary of the Conference of Barcelona, September 2007 / organitzada per: Diputació de Barcelona, Ajuntament de Barcelona ; [pròleg: Jordi Hereu, Celestino Corbacho] resultats de la conferència de Barcelona, Setembre 2007 = El papel de los gobiernos locales en la construcción de la paz :
Descripción Física:
203 p. ; 24 cm
MARC
| LEADER | 00000nam a2200000Ia 4500 | ||
|---|---|---|---|
| 001 | 20593 | ||
| 008 | 160829s2008 xx 000 0 cat d | ||
| 080 | |a M-6-59 | ||
| 245 | |a El Paper dels governs locals en la construcció de la pau : |b resultats de la conferència de Barcelona, Setembre 2007 = El papel de los gobiernos locales en la construcción de la paz : |b resultados de la conferencia de Barcelona, Septiembre 2007 = The role of local authorities in peace building : |b summary of the Conference of Barcelona, September 2007 / organitzada per: |b Diputació de Barcelona, Ajuntament de Barcelona ; [pròleg: |b Jordi Hereu, Celestino Corbacho] | ||
| 260 | |a Barcelona : |b Diputació de Barcelona : |b Ajuntament de Barcelona, |c 2008 | ||
| 300 | |a 203 p. ; |c 24 cm | ||
| 590 | |a Text en català, castellà i anglès | ||
| 650 | |a Administració local |x Congressos |9 27317 | ||
| 650 | |a Pau |x Congressos |9 38517 | ||
| 700 | |a Hereu, Jordi, 1965- |e autor del pròleg |9 2504 | ||
| 700 | 1 | |a Corbacho Chaves, Celestino, |d 1949- |e autor del pròleg |9 54308 | |
| 710 | 1 | |a Barcelona (Catalunya). |b Ajuntament |9 50981 | |
| 710 | 1 | |a Barcelona (Catalunya : Província). |b Diputació |9 52408 | |
| 901 | |a Arxiu | ||
| 942 | |n 1 |2 udc | ||
| 952 | |0 0 |1 0 |4 0 |6 M659 |7 1 |9 48452 |a Arxiu |b Arxiu |d 2016-12-01 |l 0 |o M-6-59 |p 20593 |r 2016-12-01 00:00:00 |w 2016-12-01 |y ARXIU | ||
| 999 | |c 52281 |d 52281 | ||